[Event "Stuttgarter Stadtmeisterschaft B-Turnier"]
[Site "Ditzingen"]
[Date "2009.05.21"]
[Round "1.1"]
[White "Schäfer-Siebert, Heiko"]
[Black "Werner, Stefan"]
[Result "1/2-1/2"]
[WhiteElo "1899"]
[BlackElo "1695"]
[PlyCount "120"]
[EventDate "2009.??.??"]

1. e4 e5 2. Nf3 Nc6 3. Bc4 Bc5 4. O-O Nf6 5. Re1 d6 6. c3 Bg4 7. d3 O-O 8. Nbd2
a6 9. h3 Be6 10. Bb3 b5 11. Nf1 h6 12. Ng3 a5 13. Be3 Bxe3 14. Rxe3 Ne7 15. d4
exd4 16. cxd4 a4 17. Bc2 c5 18. d5 Bd7 19. a3 Re8 20. Qd2 Ng6 21. Rae1 Qc7 22.
Nf5 Bxf5 23. exf5 Ne7 24. Be4 Qd7 25. g4 Kf8 26. Nh4 Qb7 27. Rd1 Nxe4 28. Rxe4
Ng8 29. Rde1 Nf6 30. Rxe8+ Rxe8 31. Rxe8+ Kxe8 32. g5 hxg5 33. Qxg5 Kf8 34. Qf4
Qxd5 35. Ng2 Qe5 36. Qd2 c4 37. Ne3 Kg8 38. Qb4 Ne8 39. Kg2 Nc7 40. Kg1 Qd4 41.
Qa5 Qc5 42. Kh2 Kh7 43. Qd2 d5 44. Ng4 Qd6+ 45. Kg1 Ne8 46. Qa5 Qd7 47. Qb6 d4
48. f6 Nxf6 49. Nxf6+ gxf6 50. Qxf6 d3 51. Qh4+ Kg8 52. Qg5+ Kf8 53. Qd2 Qxh3
54. Qb4+ Kg7 55. Qxb5 Qg4+ 56. Kf1 Qe2+ 57. Kg2 d2 58. Qg5+ Kh7 59. Qf5+ Kh6
60. Qf6+ Kh5 1/2-1/2

[Event "Stuttgarter Stadtmeisterschaft B-Turnier"]
[Site "Ditzingen"]
[Date "2009.05.21"]
[Round "1.2"]
[White "Fischer, Stefan"]
[Black "Lörincz, Benjamin"]
[Result "1/2-1/2"]
[WhiteElo "1687"]
[BlackElo "1898"]
[PlyCount "150"]
[EventDate "2009.??.??"]

1. e4 d6 2. d4 g6 3. c4 Bg7 4. Nc3 Nf6 5. f3 O-O 6. Be3 e5 7. d5 Ne8 8. Bd3 f5
9. g3 f4 10. gxf4 exf4 11. Bf2 Qg5 12. Bf1 a6 13. Qd2 b5 14. cxb5 axb5 15. Nxb5
Ba6 16. Nd4 Bxd4 17. Bxd4 Nd7 18. Bh3 Ne5 19. Bxe5 dxe5 20. O-O-O Nd6 21. Kb1
Bc4 22. b3 Rfb8 23. Qc2 Ra3 24. Kb2 Bxb3 25. axb3 Rbxb3+ 26. Qxb3 Rxb3+ 27.
Kxb3 Nb5 28. Ne2 Qe7 29. Ra1 Qc5 30. Rhc1 Qe3+ 31. Nc3 Qxf3 32. Be6+ Kg7 33.
Kb4 Nd4 34. Ra7 Qf2 35. Rxc7+ Kh6 36. Bg8 Qb2+ 37. Kc5 Qxc1 38. Kd6 Qa3+ 39.
Kxe5 Nc2 40. d6 Qa5+ 41. Nd5 Ne3 42. Kxf4 Nxd5+ 43. Bxd5 Qd2+ 44. Ke5 Qxh2+ 45.
Ke6 Qh3+ 46. Ke7 Qg3 47. Rb7 Qe5+ 48. Kd7 g5 49. Rb8 g4 50. Rg8 g3 51. Kc6 Qc3+
52. Kb7 Qb2+ 53. Kc8 g2 54. d7 Qc3+ 55. Kb8 Qb4+ 56. Kc7 Qc5+ 57. Bc6 Qe5+ 58.
Kc8 Qe6 59. Bd5 Qa6+ 60. Kd8 Qb6+ 61. Ke8 g1=Q 62. Rxg1 Qxg1 63. d8=Q Qg6+ 64.
Kd7 Qg4+ 65. Kc6 Qf3 66. e5 Qc3+ 67. Kd6 Qa3+ 68. Ke6 Qh3+ 69. Kf7 Qh5+ 70. Ke6
Qh3+ 71. Kd6 Qa3+ 72. Kd7 Qa4+ 73. Kc8 Qa6+ 74. Kb8 Qb5+ 75. Kc7 Qa5+ 1/2-1/2

[Event "Stuttgarter Stadtmeisterschaft B-Turnier"]
[Site "Ditzingen"]
[Date "2009.05.21"]
[Round "1.3"]
[White "Klaus, Michael"]
[Black "Trobonjaca, Milos"]
[Result "1-0"]
[WhiteElo "1897"]
[BlackElo "1665"]
[PlyCount "63"]
[EventDate "2009.??.??"]

1. d4 d5 2. Nf3 Nf6 3. c4 c6 4. e3 Bg4 5. Nc3 e6 6. a3 Be7 7. h3 Bh5 8. Bd2
Nbd7 9. Rc1 O-O 10. cxd5 Nxd5 11. Be2 Bf6 12. O-O a6 13. Ne4 Be7 14. Ng3 Bg6
15. Qb3 Rb8 16. e4 N5f6 17. Bf4 Nxe4 18. Nxe4 Bxe4 19. Bxb8 Qxb8 20. Bc4 b5 21.
Bxe6 Bxf3 22. Bxd7 Bd5 23. Qe3 Qd6 24. Rfe1 Qg6 25. Bg4 h5 26. Qxe7 hxg4 27.
Qh4 gxh3 28. Qxh3 f5 29. Re5 f4 30. Rh5 Rf6 31. Rh8+ Kf7 32. Qd7# 1-0

[Event "Stuttgarter Stadtmeisterschaft B-Turnier"]
[Site "Ditzingen"]
[Date "2009.05.21"]
[Round "1.4"]
[White "Kreutz, Daniel"]
[Black "Felser, Martin"]
[Result "0-1"]
[WhiteElo "1663"]
[BlackElo "1894"]
[PlyCount "52"]
[EventDate "2009.??.??"]

1. e4 c5 2. Nf3 d6 3. d4 cxd4 4. Nxd4 Nf6 5. Nc3 e6 6. Be2 Be7 7. Be3 a6 8. Bf3
Qc7 9. g4 Nc6 10. g5 Nd7 11. Bg4 Nde5 12. Nb3 Nxg4 13. Qxg4 Ne5 14. Qg3 Nc4 15.
Bd4 b5 16. O-O-O b4 17. Ne2 e5 18. Be3 Bb7 19. Nd2 Rc8 20. Nxc4 Qxc4 21. Rd2
Qxa2 22. Kd1 Bxe4 23. Qg4 Qb1+ 24. Nc1 Rxc2 25. Rxc2 Qxc2+ 26. Ke1 Bxh1 0-1

[Event "Stuttgarter Stadtmeisterschaft B-Turnier"]
[Site "Ditzingen"]
[Date "2009.05.21"]
[Round "1.5"]
[White "Lutz, Herbert"]
[Black "Penzkofer, Ralf"]
[Result "1-0"]
[WhiteElo "1893"]
[BlackElo "1662"]
[PlyCount "81"]
[EventDate "2009.??.??"]

1. d4 d5 2. Nf3 Nf6 3. c4 e6 4. Nc3 Be7 5. Bf4 c6 6. e3 O-O 7. Qc2 Nbd7 8. cxd5
exd5 9. Bd3 Nb6 10. Ne5 Be6 11. O-O h6 12. Qe2 Ne8 13. Rac1 Nd6 14. Bb1 Bf6 15.
Rfd1 Re8 16. Nd3 Re7 17. Qf3 Ne4 18. Ne5 Nxc3 19. bxc3 Qc8 20. Qg3 Bxe5 21.
Bxe5 f5 22. f4 Qe8 23. Bd3 Nd7 24. Bd6 Rf7 25. Rb1 b5 26. Be2 Nf6 27. Bf3 Ne4
28. Bxe4 dxe4 29. a3 Bc4 30. Rb2 a6 31. Ra1 Qe6 32. Be5 Rfa7 33. Qh4 Qg6 34. h3
Be6 35. Kh2 Qf7 36. g4 Kf8 37. Rg2 Rd7 38. g5 hxg5 39. Rxg5 Qg8 40. Rag1 Raa7
41. Rh5 1-0

[Event "Stuttgarter Stadtmeisterschaft B-Turnier"]
[Site "Ditzingen"]
[Date "2009.05.21"]
[Round "1.6"]
[White "Strauss, Martin"]
[Black "Zuferi, Enis"]
[Result "0-1"]
[WhiteElo "1660"]
[BlackElo "1888"]
[PlyCount "96"]
[EventDate "2009.??.??"]

1. e4 c5 2. Nf3 d6 3. Bb5+ Bd7 4. Bxd7+ Nxd7 5. O-O Ngf6 6. Nc3 g6 7. Qe2 Bg7
8. d3 O-O 9. Bf4 Nh5 10. Bd2 b5 11. Rab1 a6 12. a3 Nb6 13. e5 dxe5 14. Nxe5 Qc7
15. Rfe1 Rfe8 16. f4 b4 17. axb4 cxb4 18. Na2 a5 19. c3 b3 20. Nc1 a4 21. Qe4
Nf6 22. Qc6 Rac8 23. Qxc7 Rxc7 24. Ra1 Nfd7 25. Be3 Nd5 26. Rxa4 Nxe5 27. fxe5
Nxe3 28. Rxe3 Rxc3 29. Re1 Rc2 30. Nxb3 Rxb2 31. Nc5 Rc2 32. d4 Rb8 33. Rea1
Bh6 34. Ra8 Be3+ 35. Kf1 Rxa8 36. Rxa8+ Kg7 37. Nb3 Rf2+ 38. Ke1 Rxg2 39. Ra7
Rb2 40. Ra3 Rxh2 41. d5 Bf4 42. Ra7 Bxe5 43. Rxe7 Rb2 44. Nc5 Bd6 45. Ne6+ Kf6
46. Rd7 Bb4+ 47. Kf1 fxe6 48. dxe6 h5 0-1

[Event "Stuttgarter Stadtmeisterschaft B-Turnier"]
[Site "Ditzingen"]
[Date "2009.05.21"]
[Round "1.7"]
[White "Faerber, Eric"]
[Black "Helmbrecht, Kurt"]
[Result "1-0"]
[WhiteElo "1881"]
[BlackElo "1657"]
[PlyCount "37"]
[EventDate "2009.??.??"]

1. e4 e6 2. d4 d5 3. Nd2 dxe4 4. Nxe4 Nf6 5. Bd3 Nbd7 6. Qe2 Be7 7. Bd2 b6 8.
O-O-O Bb7 9. f3 O-O 10. h4 Rc8 11. g4 c5 12. Nxf6+ Nxf6 13. dxc5 bxc5 14. g5
Nd5 15. Qe4 g6 16. Qg4 Qb6 17. h5 Kg7 18. hxg6 hxg6 19. c4 1-0

[Event "Stuttgarter Stadtmeisterschaft B-Turnier"]
[Site "Ditzingen"]
[Date "2009.05.21"]
[Round "1.8"]
[White "Hamm, Lukas"]
[Black "Rieder, Josef"]
[Result "1-0"]
[WhiteElo "1655"]
[BlackElo "1879"]
[PlyCount "107"]
[EventDate "2009.??.??"]

1. e4 c5 2. Nf3 d6 3. d4 cxd4 4. Nxd4 Nf6 5. Nc3 e6 6. Be2 Be7 7. O-O O-O 8.
Be3 Nc6 9. Kh1 d5 10. f3 e5 11. Nxc6 bxc6 12. exd5 cxd5 13. Bd2 Rb8 14. b3 Bb7
15. Qe1 Rc8 16. Bd3 d4 17. Ne4 Nd5 18. Ng3 Qc7 19. Nf5 Bf6 20. Qg3 Nf4 21. Bxf4
exf4 22. Qh3 g6 23. Nh6+ Kh8 24. Ng4 Bg7 25. Qh4 Qd6 26. Qe1 Ba6 27. Qd2 Bxd3
28. cxd3 Rc3 29. Nf2 f5 30. Nd1 Rc6 31. Nb2 Qc7 32. Nc4 Re8 33. Rfe1 Rce6 34.
Kg1 g5 35. Rxe6 Rxe6 36. Re1 Qe7 37. Kf2 Re3 38. Kf1 Re6 39. Rxe6 Qxe6 40. Qb4
Qf7 41. Qb8+ Bf8 42. Ne5 Qe7 43. Nd7 Kg7 44. Qxf8+ Qxf8 45. Nxf8 Kxf8 46. Ke2
Ke7 47. Kd2 h5 48. b4 Kd6 49. Kc2 h4 50. a4 g4 51. h3 Kd5 52. Kb3 a6 53. b5 a5
54. b6 1-0

[Event "Stuttgarter Stadtmeisterschaft B-Turnier"]
[Site "Ditzingen"]
[Date "2009.05.21"]
[Round "1.9"]
[White "Roß, Torsten"]
[Black "Bay, Johannes"]
[Result "1/2-1/2"]
[WhiteElo "1876"]
[BlackElo "1650"]
[PlyCount "81"]
[EventDate "2009.??.??"]

1. e4 b6 2. d4 Bb7 3. Nc3 e6 4. Nf3 Bb4 5. Bd3 Nf6 6. Bg5 h6 7. Bxf6 Qxf6 8.
O-O O-O 9. Ne2 Qd8 10. c3 Be7 11. Ng3 c5 12. Qe2 d6 13. Rad1 Qc7 14. Rfe1 Nd7
15. h4 Rad8 16. h5 e5 17. d5 Nf6 18. Ba6 Ba8 19. Nh2 Qd7 20. Bb5 Qc8 21. Nf5
Qc7 22. Kh1 Nh7 23. g3 Kh8 24. f4 Bf6 25. Ng4 Rg8 26. fxe5 Bxe5 27. Nxe5 dxe5
28. d6 Qb7 29. Ne7 Rgf8 30. Nc6 Rd7 31. Nxe5 Rdd8 32. Bc6 Qc8 33. d7 Qb8 34.
Bxa8 Qxe5 35. Bc6 Qxg3 36. e5 Ng5 37. Rd3 Qh4+ 38. Kg2 Ne6 39. Qe4 Qxh5 40. Rg3
Ng5 41. Qf5 1/2-1/2

[Event "Stuttgarter Stadtmeisterschaft B-Turnier"]
[Site "Ditzingen"]
[Date "2009.05.21"]
[Round "1.10"]
[White "Lörincz, Peter"]
[Black "Lerner, Jürgen"]
[Result "0-1"]
[WhiteElo "1650"]
[BlackElo "1874"]
[PlyCount "113"]
[EventDate "2009.??.??"]

1. Nf3 Nf6 2. d3 d5 3. g3 g6 4. Bg2 Bg7 5. c3 O-O 6. O-O c5 7. Qc2 Nc6 8. e4 d4
9. a3 a5 10. e5 Ng4 11. cxd4 cxd4 12. Re1 Ngxe5 13. Bf4 Nxf3+ 14. Bxf3 e5 15.
Bd2 Bd7 16. Qc1 Rc8 17. Bg5 f6 18. Qc4+ Kh8 19. Bd2 Qb6 20. Qa2 Rfe8 21. Bd5
Nd8 22. Bc4 Be6 23. a4 Bxc4 24. dxc4 Nc6 25. Na3 Na7 26. b3 Bf8 27. Nb5 Nxb5
28. axb5 Bb4 29. Bxb4 axb4 30. Qd2 Qc5 31. Ra4 e4 32. Qf4 f5 33. h4 d3 34. Qd2
Kg7 35. Rxb4 Ra8 36. b6 Ra5 37. Re3 Rea8 38. Qc3+ Kf7 39. Ra4 Rxa4 40. bxa4
Qxb6 41. c5 Qc6 42. a5 Rc8 43. Qb3+ Kg7 44. Qb2+ Kh6 45. Qd2 Kg7 46. Qb2+ Kg8
47. Qb3+ Kf8 48. Re1 Qxc5 49. Qxb7 Qc2 50. Qxh7 d2 51. Qh6+ Kf7 52. Qh7+ Kf6
53. Rf1 d1=Q 54. h5 Qxf1+ 55. Kxf1 Qd1+ 56. Kg2 Qf3+ 57. Kh2 0-1

[Event "Stuttgarter Stadtmeisterschaft B-Turnier"]
[Site "Ditzingen"]
[Date "2009.05.21"]
[Round "1.11"]
[White "Rühl, Volker"]
[Black "Gheng, Hannelore"]
[Result "1-0"]
[WhiteElo "1873"]
[BlackElo "1649"]
[PlyCount "71"]
[EventDate "2009.??.??"]

1. e4 c5 2. Nf3 d6 3. d4 cxd4 4. Nxd4 Nf6 5. Nc3 g6 6. Bc4 Bg7 7. a3 O-O 8. Ba2
Nc6 9. Nf3 Qb6 10. O-O Ng4 11. Nd5 Qa5 12. c3 Nf6 13. Bg5 Nxd5 14. exd5 h6 15.
Bh4 g5 16. Bxg5 hxg5 17. dxc6 bxc6 18. Qd2 g4 19. Nd4 Bb7 20. Rfe1 Qh5 21. Rxe7
Be5 22. f4 Bxd4+ 23. Qxd4 c5 24. Qf6 Bxg2 25. Qg5+ Qxg5 26. fxg5 Bf3 27. g6 d5
28. gxf7+ Rxf7 29. Rae1 Raf8 30. R1e5 c4 31. b3 Be4 32. Rg5+ Kh8 33. Rxf7 Rxf7
34. bxc4 Rb7 35. cxd5 Bf3 36. d6 1-0

[Event "Stuttgarter Stadtmeisterschaft B-Turnier"]
[Site "Ditzingen"]
[Date "2009.05.21"]
[Round "1.12"]
[White "Wenzel, Ulrich"]
[Black "Herdt, Wladimir"]
[Result "1-0"]
[WhiteElo "1649"]
[BlackElo "1862"]
[PlyCount "90"]
[EventDate "2009.??.??"]

1. d4 d5 2. Nf3 Nf6 3. e3 e6 4. Bd3 Nbd7 5. O-O Bd6 6. Nbd2 b6 7. e4 dxe4 8.
Nxe4 Nxe4 9. Bxe4 Rb8 10. Re1 Nf6 11. Bg5 h6 12. Bxf6 gxf6 13. Bc6+ Bd7 14.
Bxd7+ Qxd7 15. Qd3 Rc8 16. Rad1 Qe7 17. d5 Rd8 18. Nd4 Bxh2+ 19. Kxh2 Rxd5 20.
Qg3 Rg5 21. Nc6 Rxg3 22. Nxe7 Rg4 23. Nc6 O-O 24. Rd4 Rg5 25. b4 a5 26. a3 Kh7
27. Ne7 c5 28. Rd6 axb4 29. axb4 Re8 30. Nc6 Rc8 31. b5 Rg4 32. Re2 Rh4+ 33.
Kg3 Rc4 34. Red2 Ra8 35. Rd7 Ra3+ 36. f3 Kg6 37. Rb7 Ra2 38. Rxb6 Raxc2 39.
Rxc2 Rxc2 40. Rb8 Rb2 41. b6 c4 42. b7 c3 43. Nd4 Kh5 44. Kh3 e5 45. Rg8 Rxg2
1-0

[Event "Stuttgarter Stadtmeisterschaft B-Turnier"]
[Site "Ditzingen"]
[Date "2009.05.21"]
[Round "1.13"]
[White "Heiler, Karl"]
[Black "Hartmann, Anatoli"]
[Result "1-0"]
[WhiteElo "1860"]
[BlackElo "1642"]
[PlyCount "75"]
[EventDate "2009.??.??"]

1. e4 e5 2. Nf3 d6 3. d4 exd4 4. Nxd4 Nf6 5. Nc3 Bd7 6. g3 Nc6 7. Bg2 g6 8. Be3
Bg7 9. Qd2 Ng4 10. Nxc6 Bxc6 11. Bd4 Bxd4 12. Qxd4 Qf6 13. Ne2 O-O-O 14. Bh3
Qxd4 15. Bxg4+ f5 16. Nxd4 fxg4 17. Nxc6 bxc6 18. Kd2 Rhe8 19. Rae1 Re5 20. h3
gxh3 21. Rxh3 h5 22. f4 Ree8 23. Rh2 d5 24. e5 Kd7 25. Re3 Rb8 26. Kc1 Rb6 27.
Rd2 Ke6 28. Red3 Rb5 29. c4 Rc5 30. Rd4 dxc4 31. Rd8 Re7 32. Rc2 Kf5 33. Rg8 h4
34. Rf8+ Kg4 35. gxh4 Kxh4 36. Rg2 Rcxe5 37. fxe5 Rxe5 38. Rxg6 1-0

[Event "Stuttgarter Stadtmeisterschaft B-Turnier"]
[Site "Ditzingen"]
[Date "2009.05.21"]
[Round "1.14"]
[White "Riepert, Steffen"]
[Black "Kvetny, Mark"]
[Result "0-1"]
[WhiteElo "1641"]
[BlackElo "1858"]
[PlyCount "84"]
[EventDate "2009.??.??"]

1. e4 c5 2. Nf3 d6 3. d4 cxd4 4. Nxd4 Nf6 5. Nc3 a6 6. Bg5 e6 7. Qd2 Nbd7 8.
Bd3 Qc7 9. O-O Be7 10. Nf3 O-O 11. Rfe1 Ne5 12. Nxe5 dxe5 13. a3 Rd8 14. Bxf6
Bxf6 15. Ne2 Bd7 16. Qc3 Bc6 17. Ng3 Rac8 18. Rad1 b5 19. a4 Qb6 20. Qb3 Be7
21. axb5 axb5 22. Be2 Bc5 23. Rxd8+ Rxd8 24. Qf3 f5 25. Bd3 Rf8 26. Qe2 fxe4
27. Nxe4 Bxe4 28. Qxe4 Bxf2+ 29. Kh1 Bxe1 30. Qxh7+ Kf7 31. Qg6+ Ke7 32. Qxg7+
Rf7 33. Qxe5 Bh4 34. Qc3 b4 35. Qc4 Bf6 36. b3 Qa5 37. h3 Be5 38. g4 Qd5+ 39.
Qxd5 exd5 40. Bf5 Rxf5 41. gxf5 Kf6 42. Kg2 Kxf5 0-1

[Event "Stuttgarter Stadtmeisterschaft B-Turnier"]
[Site "Ditzingen"]
[Date "2009.05.21"]
[Round "1.15"]
[White "Ellinger, Harald"]
[Black "Klett, Hartmut"]
[Result "1-0"]
[WhiteElo "1854"]
[BlackElo "1638"]
[PlyCount "103"]
[EventDate "2009.??.??"]

1. Nf3 Nf6 2. d4 d5 3. c4 e6 4. Nc3 c6 5. e3 Bd6 6. Bd2 Nbd7 7. Rc1 O-O 8. cxd5
exd5 9. Bd3 Re8 10. Qc2 Qe7 11. O-O Ne4 12. Ne1 Ndf6 13. Be2 Bf5 14. Qd1 Bc7
15. Nxe4 Nxe4 16. Bf3 Qh4 17. g3 Qf6 18. Bg2 Re6 19. Bc3 Rae8 20. Nd3 Qh6 21.
Nc5 Nxc5 22. dxc5 Be4 23. Qa4 a6 24. Qb4 Rb8 25. Bd4 Bxg2 26. Kxg2 Qg6 27. Qc3
h5 28. Qc2 Qxc2 29. Rxc2 g6 30. Rd1 Kf8 31. Rd3 Ke7 32. f4 f5 33. Ra3 Kd7 34.
Kf3 Kc8 35. h3 Re8 36. Rg2 Kd7 37. g4 hxg4+ 38. hxg4 Re4 39. gxf5 gxf5 40. Rg7+
Kc8 41. Rg8+ Kd7 42. Rg7+ Kc8 43. Rd3 Re6 44. Rf7 Rh6 45. Rxf5 Rh7 46. Rf8+ Kd7
47. Rxb8 Bxb8 48. Rd2 Ke6 49. Rg2 Kf5 50. Rg5+ Ke6 51. Rg6+ Kf5 52. Rf6# 1-0

[Event "Stuttgarter Stadtmeisterschaft B-Turnier"]
[Site "Ditzingen"]
[Date "2009.05.21"]
[Round "1.16"]
[White "Hengster, Wolfgang"]
[Black "Baumeister, Jürgen"]
[Result "1-0"]
[WhiteElo "1628"]
[BlackElo "1845"]
[PlyCount "73"]
[EventDate "2009.??.??"]

1. d4 d5 2. c4 Nc6 3. Nf3 Bg4 4. e3 e5 5. dxe5 dxc4 6. Qxd8+ Rxd8 7. Be2 Bb4+
8. Bd2 Bxf3 9. Bxf3 Bxd2+ 10. Nxd2 Nxe5 11. Bxb7 Nd3+ 12. Ke2 Nxf2 13. Rhc1 c3
14. Rxc3 Rxd2+ 15. Kxd2 Nf6 16. Rxc7 O-O 17. Rc8 N2e4+ 18. Ke2 Nd6 19. Rxf8+
Kxf8 20. Bf3 Ke7 21. Rc1 Kd7 22. h3 h6 23. b3 g6 24. Rc5 Ng8 25. Ra5 Nc8 26.
Bd5 Ke8 27. Bb7 Nge7 28. Bxc8 Nxc8 29. Rc5 Kd7 30. b4 Nd6 31. Kd3 Nb7 32. Rc3
Nd6 33. a4 a6 34. e4 f5 35. exf5 gxf5 36. Rc5 f4 37. Rd5 1-0

[Event "Stuttgarter Stadtmeisterschaft B-Turnier"]
[Site "Ditzingen"]
[Date "2009.05.21"]
[Round "1.17"]
[White "Zikeli, Julia"]
[Black "Krebs, Thomas"]
[Result "1/2-1/2"]
[WhiteElo "1844"]
[BlackElo "1625"]
[PlyCount "170"]
[EventDate "2009.??.??"]

1. e4 c6 2. Nf3 d5 3. Nc3 Bg4 4. h3 Bh5 5. d4 dxe4 6. Nxe4 Bxf3 7. Qxf3 Qxd4 8.
c3 Qb6 9. Bc4 e6 10. Ng5 Nf6 11. O-O Be7 12. Qg3 g6 13. b4 Nbd7 14. Be3 c5 15.
Rab1 Qc6 16. b5 Qb6 17. Bf4 Nh5 18. Qf3 Bxg5 19. Bxg5 Ne5 20. Qe4 Nxc4 21. Qxc4
h6 22. Be3 Rc8 23. Bd4 O-O 24. Be3 g5 25. h4 f6 26. Qd3 Kg7 27. g4 Nf4 28. Bxf4
gxf4 29. Qe4 Qc7 30. Qxe6 Qe5 31. Qc4 Qc7 32. Rfe1 Rfe8 33. Re6 Qf7 34. Rbe1
Rxe6 35. Qxe6 Qxe6 36. Rxe6 Kf7 37. Re4 Rd8 38. Rxf4 Kg6 39. Kg2 b6 40. h5+ Kg7
41. Ra4 Rd7 42. Kf3 Kf7 43. Kf4 Ke6 44. Re4+ Kf7 45. Ke3 Rd1 46. f3 Rd7 47. a4
Rd1 48. a5 Rb1 49. axb6 axb6 50. c4 Rd1 51. Kf4 Rd3 52. Kg3 Rc3 53. Kf2 Rd3 54.
Ke2 Rd6 55. Ke3 Rd1 56. f4 Rd6 57. f5 Rd1 58. Kf3 Rd3+ 59. Kf4 Rc3 60. Re6
Rxc4+ 61. Kg3 Rb4 62. Rxb6 c4 63. Rb7+ Ke8 64. b6 c3 65. Rc7 Rxb6 66. Rxc3 Kf7
67. Re3 Rb4 68. Kf3 Kf8 69. Re4 Rb3+ 70. Kf4 Ra3 71. Rd4 Kf7 72. Rd7+ Kg8 73.
Ke4 Rg3 74. Kd5 Re3 75. Kd6 Re4 76. Re7 Rxg4 77. Ke6 Rg5 78. Kxf6 Rxh5 79. Ke6
Kf8 80. f6 Rh1 81. Rh7 Re1+ 82. Kf5 Rf1+ 83. Kg6 Rg1+ 84. Kxh6 Rh1+ 85. Kg6
Rxh7 1/2-1/2

[Event "Stuttgarter Stadtmeisterschaft B-Turnier"]
[Site "Ditzingen"]
[Date "2009.05.21"]
[Round "1.18"]
[White "Wendland, Tobias"]
[Black "Huynh, Nhi Lang"]
[Result "0-1"]
[WhiteElo "1622"]
[BlackElo "1841"]
[PlyCount "74"]
[EventDate "2009.??.??"]

1. d4 Nf6 2. c4 e6 3. Nc3 c5 4. d5 exd5 5. cxd5 d6 6. e4 Nbd7 7. Bg5 Be7 8. Be3
O-O 9. Bd3 Ne5 10. Bc2 Nc4 11. b3 Nxe3 12. fxe3 Ng4 13. Qd3 g6 14. Nf3 Bf6 15.
O-O Qa5 16. e5 Nxe5 17. Qd2 Nxf3+ 18. Rxf3 Bxc3 19. Qd1 Bg4 20. Rc1 Bd2 21. Rb1
Bxe3+ 22. Kh1 Bxf3 23. Qxf3 Qd2 24. Be4 Rae8 25. h4 Qd4 26. Bc2 Qxh4+ 27. Qh3
Qxh3+ 28. gxh3 Bd4 29. h4 Re2 30. Bd3 Rd2 31. Bc4 Re8 32. h5 a6 33. hxg6 hxg6
34. b4 b5 35. Bf1 Re4 36. bxc5 Rh4+ 37. Bh3 Rxh3# 0-1

[Event "Stuttgarter Stadtmeisterschaft B-Turnier"]
[Site "Ditzingen"]
[Date "2009.05.21"]
[Round "1.19"]
[White "Jantos, Stefan"]
[Black "Boyarchenko, Vlada"]
[Result "1/2-1/2"]
[WhiteElo "1840"]
[BlackElo "1607"]
[PlyCount "61"]
[EventDate "2009.??.??"]

1. e4 c5 2. Nf3 e6 3. d4 cxd4 4. c3 dxc3 5. Nxc3 a6 6. Bc4 Bb4 7. O-O b5 8. Bb3
Nc6 9. Qe2 Bb7 10. Rd1 Nge7 11. Bf4 O-O 12. Qd3 Bxc3 13. bxc3 d5 14. exd5 Nxd5
15. Bxd5 Qxd5 16. Qxd5 exd5 17. Rxd5 Rad8 18. Rad1 Rxd5 19. Rxd5 Rd8 20. Rxd8+
Nxd8 21. Ne5 Ne6 22. Be3 f6 23. Nd3 Kf7 24. f4 Nc7 25. Kf2 Nd5 26. Bd2 Ke7 27.
g4 Kd6 28. g5 fxg5 29. fxg5 Bc8 30. Kf3 Bf5 31. Nb2 1/2-1/2

[Event "Stuttgarter Stadtmeisterschaft B-Turnier"]
[Site "Ditzingen"]
[Date "2009.05.21"]
[Round "1.20"]
[White "Köller, Horst"]
[Black "Möller, Albrecht"]
[Result "1/2-1/2"]
[WhiteElo "1603"]
[BlackElo "1831"]
[PlyCount "42"]
[EventDate "2009.??.??"]

1. e4 e5 2. Nf3 Nc6 3. d4 exd4 4. Bc4 d6 5. Nxd4 Nf6 6. Nxc6 bxc6 7. Nc3 Be7 8.
O-O O-O 9. h3 h6 10. Be3 Re8 11. Bb3 Bf8 12. Qf3 Be6 13. Rad1 Bxb3 14. axb3 Qe7
15. e5 Qxe5 16. Qxc6 Qe7 17. Nb5 a6 18. Ra1 Rec8 19. Rxa6 Rxa6 20. Qxa6 Qd7 21.
Nc3 c6 1/2-1/2

[Event "Stuttgarter Stadtmeisterschaft B-Turnier"]
[Site "Ditzingen"]
[Date "2009.05.21"]
[Round "1.21"]
[White "Gibicar, Danijel"]
[Black "Schäfer-Siebert, Carsten"]
[Result "1-0"]
[WhiteElo "1829"]
[BlackElo "1596"]
[PlyCount "77"]
[EventDate "2009.??.??"]

1. c4 Nf6 2. Nf3 g6 3. e3 Bg7 4. d4 O-O 5. Nc3 d6 6. Be2 Re8 7. O-O d5 8. b4 b6
9. c5 Bb7 10. Qb3 a6 11. a4 Nbd7 12. Bb2 e5 13. cxb6 cxb6 14. Rfd1 Rc8 15. dxe5
Nxe5 16. Nxe5 Rxe5 17. Bf3 Rc7 18. Nb5 d4 19. Bxd4 Bxf3 20. Bxe5 Bxd1 21. Rxd1
Rd7 22. Rxd7 Qxd7 23. Nd4 Qc8 24. Qc2 Qxc2 25. Nxc2 Nd5 26. Bxg7 Kxg7 27. a5 b5
28. f3 Kf6 29. e4 Ne7 30. Kf2 Nc6 31. Ke3 Ke6 32. Nd4+ Kd6 33. Nxc6 Kxc6 34.
Kd4 f6 35. f4 Kd6 36. e5+ fxe5+ 37. fxe5+ Kc6 38. Ke4 h6 39. g4 1-0

[Event "Stuttgarter Stadtmeisterschaft B-Turnier"]
[Site "Ditzingen"]
[Date "2009.05.21"]
[Round "1.22"]
[White "Aubel, Stefan"]
[Black "Stadler, Marcus"]
[Result "1-0"]
[WhiteElo "1591"]
[BlackElo "1828"]
[PlyCount "109"]
[EventDate "2009.??.??"]

1. d4 Nf6 2. c4 g6 3. Nc3 d5 4. Bg5 Ne4 5. Bh4 Nxc3 6. bxc3 dxc4 7. Qa4+ Nd7 8.
e3 Bg7 9. Bxc4 c5 10. Nf3 O-O 11. Qa3 Re8 12. O-O Qc7 13. Qb3 e6 14. Bg3 Qb6
15. Rab1 Qxb3 16. axb3 b6 17. Bb5 a5 18. Bc7 cxd4 19. cxd4 Re7 20. Bd8 Re8 21.
Bxb6 Re7 22. Bd8 Re8 23. Bc7 Re7 24. Bd6 Re8 25. Rfc1 Bf8 26. Bxf8 Rxf8 27.
Rxc8 Rfxc8 28. Bxd7 Rc2 29. g3 Ra7 30. Ba4 Rac7 31. Ne5 Rb7 32. Rd1 Rb8 33. Nc6
Ra8 34. d5 exd5 35. Rxd5 Kf8 36. Nxa5 Ra2 37. Nc4 Rc8 38. Ra5 Rd8 39. Ra7 Rd1+
40. Kg2 Rc1 41. Ne5 f5 42. Rxh7 Rcc2 43. Nd3 Rd2 44. Rd7 Ke8 45. Rd4+ Ke7 46.
h4 Re2 47. Kf3 Kf6 48. g4 Red2 49. Bb5 Rd1 50. g5+ Ke7 51. Kf4 Rh1 52. Ke5 Ra5
53. Rd7+ Kf8 54. Kf6 Ke8 55. Rd5+ 1-0

[Event "Stuttgarter Stadtmeisterschaft B-Turnier"]
[Site "Ditzingen"]
[Date "2009.05.21"]
[Round "1.23"]
[White "Pocrnic, Josip"]
[Black "Häfele, Torsten"]
[Result "1-0"]
[WhiteElo "1823"]
[BlackElo "1586"]
[PlyCount "67"]
[EventDate "2009.??.??"]

1. e4 c5 2. Nf3 d6 3. d4 cxd4 4. Nxd4 Nf6 5. Nc3 a6 6. Bg5 e5 7. Nb3 Be7 8. Qd2
Nbd7 9. f3 O-O 10. O-O-O b5 11. Kb1 Bb7 12. Bd3 b4 13. Ne2 a5 14. Ng3 a4 15.
Nc1 d5 16. Nf5 d4 17. h4 Kh8 18. g4 Rc8 19. Ne2 Nb6 20. Bxf6 Bxf6 21. Qxb4 g6
22. Nfg3 Bxh4 23. Rxh4 Qxh4 24. Qxb6 Qe7 25. f4 Rc6 26. Qb5 f6 27. f5 Rfc8 28.
Qxa4 Ra8 29. Qb3 Ba6 30. fxg6 hxg6 31. Rh1+ Kg7 32. Nc1 Qc7 33. Bxa6 Raxa6 34.
Nf5+ 1-0

[Event "Stuttgarter Stadtmeisterschaft B-Turnier"]
[Site "Ditzingen"]
[Date "2009.05.21"]
[Round "1.24"]
[White "Schmidt, Armin"]
[Black "Fuss, Thomas"]
[Result "0-1"]
[WhiteElo "1585"]
[BlackElo "1819"]
[PlyCount "136"]
[EventDate "2009.??.??"]

1. e4 c5 2. Nf3 Nc6 3. d4 cxd4 4. Nxd4 Nf6 5. Nc3 e5 6. Nxc6 bxc6 7. Bd3 Bb4 8.
Bd2 O-O 9. O-O d5 10. a3 Be7 11. exd5 cxd5 12. Bg5 Bb7 13. Bxf6 Bxf6 14. Re1 a6
15. Qh5 e4 16. Bf1 Re8 17. Rad1 Re5 18. Qe2 Qe7 19. Rd2 Rd8 20. Na2 d4 21. Qd1
Re6 22. Bc4 Red6 23. Bd3 Bg5 24. Rde2 e3 25. f3 Qe5 26. Rf1 Rh6 27. g3 Bf6 28.
Rg2 Qe6 29. b3 Qd6 30. g4 Qxa3 31. Nc1 Qc5 32. Na2 Qa3 33. Nc1 Qc5 34. Na2 Bd5
35. Nc1 Bb7 36. Na2 Be5 37. Qe1 Rf6 38. b4 Qa7 39. Be2 Qa8 40. Qd1 Qc8 41. Bd3
Bd5 42. Nc1 Qb7 43. Be2 Qxb4 44. Nd3 Qe7 45. Nxe5 Qxe5 46. f4 Qe8 47. Bf3 Bxf3
48. Rxf3 Re6 49. Re2 Red6 50. Qa1 Qc6 51. Rf1 Qc4 52. Rfe1 Rb6 53. Rg2 Rb4 54.
Qa3 Ra4 55. Qd3 Qxd3 56. cxd3 Ra3 57. Rd1 Rc8 58. Re2 g6 59. Kg2 Rcc3 60. Kf3
Rxd3 61. Rxd3 Rxd3 62. Ra2 Rd2 63. Rxa6 Rf2+ 64. Ke4 e2 65. Kxd4 e1=Q 66. Kc5
Rc2+ 67. Kb6 Qb1+ 68. Ka7 Rc7+ 0-1

[Event "Stuttgarter Stadtmeisterschaft B-Turnier"]
[Site "Ditzingen"]
[Date "2009.05.21"]
[Round "1.25"]
[White "Riegel, Frank"]
[Black "Cummings, Orlyn"]
[Result "1-0"]
[WhiteElo "1811"]
[BlackElo "1585"]
[PlyCount "65"]
[EventDate "2009.??.??"]

1. e4 d6 2. d4 Nf6 3. Nc3 g6 4. Bc4 Bg7 5. Nge2 Nc6 6. O-O O-O 7. f4 Nxe4 8.
Bxf7+ Rxf7 9. Nxe4 Bf5 10. Ng5 Rf8 11. c3 Na5 12. h3 h6 13. Nf3 Qe8 14. g4 Be4
15. Ng3 Bd5 16. Nh4 Nc6 17. Qd3 Bf7 18. Bd2 e5 19. Rae1 Rd8 20. f5 g5 21. f6
Bh8 22. Bxg5 hxg5 23. Rf5 Bxf6 24. Rxf6 gxh4 25. Rh6 e4 26. Rxe4 Bg6 27. Nf5
Qf7 28. Rxh4 Bxf5 29. gxf5 Qf6 30. Qg3+ Qg7 31. Reg4 Qxg4 32. Qxg4+ Kf7 33.
Qg6+ 1-0